Conflict in the Caucasus : (Record no. 1495)

000 -LEADER
fixed length control field 01398nam a22003857a 4500
001 - CONTROL NUMBER
control field 2574363
003 - CONTROL NUMBER IDENTIFIER
control field OSt
005 - DATE AND TIME OF LATEST TRANSACTION
control field 20210423064247.0
008 - FIXED-LENGTH DATA ELEMENTS--GENERAL INFORMATION
fixed length control field 960517s1994 enkab b 000 0 engo
010 ## - LIBRARY OF CONGRESS CONTROL NUMBER
LC control number 95232761
020 ## - INTERNATIONAL STANDARD BOOK NUMBER
International Standard Book Number 090636230X
040 ## - CATALOGING SOURCE
Original cataloging agency MH
Transcribing agency MH
Modifying agency DLC
Language of cataloging eng
041 1# - LANGUAGE CODE
Language code of text/sound track or separate title eng
Language code of original rus
043 ## - GEOGRAPHIC AREA CODE
Geographic area code e-ur-gs
050 04 - LIBRARY OF CONGRESS CALL NUMBER
Classification number DK679.A25
Item number C48 1994
080 ## - UNIVERSAL DECIMAL CLASSIFICATION NUMBER
Universal Decimal Classification number 94 (479.22)
Item number C-51
082 00 - DEWEY DECIMAL CLASSIFICATION NUMBER
Classification number 947/.95
Edition number 20
100 1# - MAIN ENTRY--PERSONAL NAME
Personal name Chervonnai︠a︡, S. M.
Fuller form of name (Svetlana Mikhaĭlovna)
240 10 - UNIFORM TITLE
Uniform title Abkhazii︠a︡ 1992.
Language of a work English.
245 10 - TITLE STATEMENT
Title Conflict in the Caucasus :
Remainder of title Georgia, Abkhazia, and the Russian shadow /
Statement of responsibility, etc. / by: Gothic Image Publications
250 ## - EDITION STATEMENT
Edition statement 1st English language edition
260 ## - PUBLICATION, DISTRIBUTION, ETC.
Place of publication, distribution, etc. Glastonbury, Somerset
Name of publisher, distributor, etc. Gothic Image Publications
Date of publication, distribution, etc. 1994.
300 ## - PHYSICAL DESCRIPTION
Extent xxiv, 227 p.
Other physical details ill., maps
Dimensions 24 cm.
365 ## - TRADE PRICE
Price amount 23 gbp
440 #0 - SERIES STATEMENT/ADDED ENTRY--TITLE
Title Authentic voices
504 ## - BIBLIOGRAPHY, ETC. NOTE
Bibliography, etc. note Includes bibliographical references (p. 187-220) and index.
650 #0 - SUBJECT ADDED ENTRY--TOPICAL TERM
9 (RLIN) 120
Topical term or geographic name entry element History of Georgia
651 #0 - SUBJECT ADDED ENTRY--GEOGRAPHIC NAME
Geographic name Abkhazia (Georgia)
General subdivision Ethnic relations.
651 #0 - SUBJECT ADDED ENTRY--GEOGRAPHIC NAME
Geographic name Abkhazia (Georgia)
General subdivision History
-- Autonomy and independence movements.
653 ## - INDEX TERM--UNCONTROLLED
Uncontrolled term საქართველოს ისტორია
700 ## - ADDED ENTRY--PERSONAL NAME
9 (RLIN) 935
Personal name Chanturia, Ariane
Relator term Translator
906 ## - LOCAL DATA ELEMENT F, LDF (RLIN)
a 7
b cbc
c orignew
d 2
e ncip
f 19
g y-gencatlg
942 ## - ADDED ENTRY ELEMENTS (KOHA)
Source of classification or shelving scheme
Koha item type Books
Holdings
Withdrawn status Lost status Source of classification or shelving scheme Damaged status Not for loan Permanent location Current location Date acquired Inventory number Total Checkouts Full call number Barcode Date last seen Price effective from Koha item type
          Ken Walker International University Ken Walker International University 02/17/2021 1467   94 (479.22) C-51 1467 02/17/2021 02/17/2021 Books

Powered by Koha